00420nam a2200145Ia 4500008004100000020001500041041001200056082001600068100001600084245010700100260002500207300000800232650001600240700001800256221030s9999 xx 000 0 und d a8120309782 aEnglish a105.23bGho aP. K. Ghosh 0a0000 To 8085 Introduction To Microprocessors For Engineers & Scientistscby P. K. Ghosh, P. R. Sridhar bPHIaNew Delhic2005 a318 aBE Computer aP. R. Sridhar